Querido valle de lágrimas / (Record no. 183560)

MARC details
000 -LEADER
campo de control de longitud fija 00774nam a2200241 i 4500
001 - NÚMERO DE CONTROL
campo de control 183560
003 - IDENTIFICADOR DE NÚMERO DE CONTROL
campo de control ES-MaACL
005 - FECHA Y HORA DE LA ÚLTIMA TRANSACCIÓN
campo de control 20250912063056.0
008 - DATOS DE LONGITUD FIJA--INFORMACIÓN GENERAL
campo de control de longitud fija 140721s2014 sp af |||| | spa d
020 ## - NÚMERO INTERNACIONAL ESTÁNDAR DEL LIBRO
Número Internacional Estándar del Libro 9788461687589
080 ## - NÚMERO DE LA CLASIFICACIÓN DECIMAL UNIVERSAL
Número de la Clasificación Decimal Universal 821.134.2-1"19"
100 1# - ENTRADA PRINCIPAL--NOMBRE DE PERSONA
Nombre de persona Vilanova, Manuel,
Fechas asociadas al nombre 1944-
9 (RLIN) 155024
245 10 - MENCIÓN DEL TÍTULO
Título Querido valle de lágrimas /
Mención de responsabilidad, etc. Manuel Vilanova.
250 ## - MENCION DE EDICION
Mención de edición 1ª ed.
260 ## - PUBLICACIÓN, DISTRIBUCIÓN, ETC.
Lugar de publicación, distribución, etc. Santiago de Compostela :
Nombre del editor, distribuidor, etc. Follas Novas,
Fecha de publicación, distribución, etc. 2014.
300 ## - DESCRIPCIÓN FÍSICA
Extensión 200 p. :
Otras características físicas il. col. ;
Dimensiones 22 cm.
490 1# - MENCIÓN DE SERIE
Mención de serie Los libros del caracol ;
Designación de volumen o secuencia 24
830 0# - PUNTO DE ACCESO ADICIONAL DE SERIE-TÍTULO UNIFORME
Título uniforme Los libros del caracol ;
Designación de volumen o secuencia 24
9 (RLIN) 186854
852 ## - LOCALIZACIÓN
Ubicación ES-MaACL
Número de control de estantería A-13170
itemnumber 190502
Sublocalización o colección R.150111
Ubicación en estantería Depósito 1
Signatura antigua Olim: N-6170
942 ## - ELEMENTOS DE ENTRADA SECUNDARIOS (KOHA)
Fuente del sistema de clasificación o colocación Clasificación decimal universal
Tipo de ítem Koha Libro impreso
Holdings
Estatus retirado Estado de pérdida Fuente del sistema de clasificación o colocación Estado de daño No para préstamo Biblioteca de origen Biblioteca actual Ubicación en estantería Fecha de adquisición Fuente de adquisición Total de préstamos Signatura topográfica completa Código de barras Visto por última vez Precio de reemplazo Tipo de ítem Koha
    Clasificación decimal universal     Biblioteca del Ateneo de Madrid Biblioteca del Ateneo de Madrid Depósito 1 21/07/2014 Donación   A-13170 1192941 23/02/2023 23/02/2023 Libro impreso